Cytogenetics: an introduction

Đã lưu trong:
Bibliografiske detaljer
Hovedforfatter: E D Garber
Format: Bog
Sprog:Undetermined
Udgivet: New York McGraw-Hill Book Company 1972
Fag:
Tags: Tilføj Tag
Ingen Tags, Vær først til at tagge denne postø!
Thư viện lưu trữ: Trung tâm Học liệu Trường Đại học Cần Thơ
LEADER 00479nam a2200181Ia 4500
001 CTU_29929
008 210402s9999 xx 000 0 und d
082 |a 574.873223 
082 |b G213 
100 |a E D Garber 
245 0 |a Cytogenetics: an introduction 
245 0 |c E D Garber 
260 |a New York 
260 |b McGraw-Hill Book Company 
260 |c 1972 
650 |a cytogenetics 
904 |i Liên, 981223 
980 |a Trung tâm Học liệu Trường Đại học Cần Thơ